000
00314nam a22001337a 4500
003
SGT
082
_a
347.0125
_b
CHA
100
_a
CHAND TEK
245
_a
CONTEMPT
_b
THE LAW OF CONTEMPT OF COURT & LEGISLATURE
250
_a
3
260
_a
ALLAHABAD
_b
UNIVERSITY BOOK AGENCY
_c
1994
300
_a
614
942
_2
ddc
_c
BK
999
_c
27729
_d
27729